[Event "19PCR_F"]
[Site "?"]
[Date "2009.??.??"]
[Round "?"]
[White "Batka, Josef"]
[Black "Bednarik, Radovan"]
[Result "0-1"]
[WhiteElo "2246"]
[BlackElo "2073"]
[PlyCount "104"]
[EventDate "2009.??.??"]
[EventType "corr"]
[SourceDate "2004.06.03"]

1. e4 e5 2. Nc3 Nc6 3. Bc4 Nf6 4. d3 Na5 5. Nge2 c6 6. a3 Nxc4 7. dxc4 d6 8.
Qd3 Be7 9. O-O O-O 10. b3 Be6 11. Bb2 Qc7 12. Ng3 g6 13. Rad1 a6 14. a4 h5 15.
h3 Rad8 16. Qe3 b5 17. f4 h4 18. Nge2 bxc4 19. f5 Bc8 20. Qh6 cxb3 21. cxb3 Nh7
22. fxg6 fxg6 23. Qxg6+ Kh8 24. Rxf8+ Rxf8 25. Kh2 Qd7 26. Ba3 Rg8 27. Qf5 Qd8
28. Qf2 Be6 29. Nc1 Qb8 30. Rd3 Rf8 31. Rf3 Rxf3 32. Qxf3 Qf8 33. Qxf8+ Bxf8
34. g3 hxg3+ 35. Kxg3 Nf6 36. Nd3 Kg7 37. b4 d5 38. exd5 cxd5 39. Nc5 Bxc5 40.
bxc5 Bd7 41. a5 d4 42. Nb1 Ne4+ 43. Kf3 Bc6 44. Ke2 Bb5+ 45. Kf3 Nf6 46. Nd2
Kf7 47. Kf2 Ke6 48. h4 Bc6 49. Bb2 Kd5 50. Nf3 Be8 51. Ke1 Ng4 52. Ba3 e4 0-1

[Event "19PCR_F"]
[Site "?"]
[Date "2009.??.??"]
[Round "?"]
[White "Batka, Josef"]
[Black "Cvak, Rudolf"]
[Result "1/2-1/2"]
[WhiteElo "2246"]
[BlackElo "2317"]
[PlyCount "162"]
[EventDate "2009.??.??"]
[EventType "corr"]
[SourceDate "2004.06.03"]

1. e4 c5 2. c3 Nf6 3. e5 Nd5 4. d4 cxd4 5. Nf3 Nc6 6. Bc4 Nb6 7. Bb3 d5 8. exd6
Qxd6 9. O-O Be6 10. Na3 dxc3 11. Qe2 Bxb3 12. Nb5 Qb8 13. axb3 e5 14. bxc3 Be7
15. Bg5 f6 16. Be3 Nc8 17. Nh4 O-O 18. Nf5 a6 19. Qg4 g6 20. Na3 Bxa3 21. Rxa3
Nd6 22. Nh6+ Kh8 23. Rd1 f5 24. Qh4 Qc7 25. Bc5 Nb5 26. Raa1 Nxc3 27. Bd6 Qg7
28. Bxf8 Rxf8 29. Rd6 Re8 30. Qc4 Qxh6 31. Qxc3 Qg7 32. Qc4 Re7 33. Rad1 h6 34.
h4 Kh7 35. R1d5 h5 36. Qc5 Qf7 37. b4 Qg7 38. b5 axb5 39. Qxb5 e4 40. Rd1 Ne5
41. Rb1 Nc6 42. Qd5 Rc7 43. Rc1 Re7 44. Rd1 Ne5 45. Rd8 Nd3 46. Rb1 Nf4 47. Qd6
Nd3 48. Rb8 Ne5 49. Rc8 Nc6 50. Rd1 Qe5 51. Qxe5 Nxe5 52. Rcd8 Kg7 53. Rb1 Nc6
54. Rd5 Kh6 55. Kf1 Kg7 56. Rb6 Kf7 57. Rdb5 Nd8 58. Ke2 Kg7 59. Ke3 Kf7 60.
Rd5 Ne6 61. Re5 Kf6 62. Reb5 Rd7 63. g3 Rd3+ 64. Ke2 Rc3 65. Rb4 Rc2+ 66. Kf1
Rc1+ 67. Kg2 Rc2 68. Rb3 Ke5 69. Rb2 Rc3 70. R6b3 Rc1 71. Rxb7 f4 72. R2b5+ Kf6
73. Rb4 f3+ 74. Kh2 Ke5 75. Re7 Kd5 76. Rxe4 Kxe4 77. Rxe6+ Kf5 78. Re3 g5 79.
Rxf3+ Ke4 80. Re3+ Kf5 81. hxg5 Rc2 1/2-1/2

[Event "19PCR_F"]
[Site "?"]
[Date "2009.??.??"]
[Round "?"]
[White "Batka, Josef"]
[Black "Koukal, Vladimir"]
[Result "0-1"]
[WhiteElo "2246"]
[BlackElo "2240"]
[PlyCount "56"]
[EventDate "2009.??.??"]
[EventType "corr"]
[SourceDate "2004.06.03"]

1. e4 e5 2. Nc3 Nf6 3. Bc4 Bc5 4. d3 c6 5. Nf3 d6 6. O-O Bg4 7. h3 Bh5 8. a4
O-O 9. Qe2 Nbd7 10. Bd2 Re8 11. Kh2 d5 12. Ba2 Bd4 13. g4 Bg6 14. Nh4 dxe4 15.
Nxg6 exd3 16. Qxd3 Nc5 17. Qc4 hxg6 18. Qxf7+ Kh7 19. Kg2 Nfe4 20. Nxe4 Nxe4
21. Be1 Ng5 22. Qc4 e4 23. c3 Bb6 24. Qe2 Qf6 25. b4 Rad8 26. a5 Bc7 27. Rh1
Nf3 28. Bc4 Rf8 0-1

[Event "19PCR_F"]
[Site "?"]
[Date "2009.??.??"]
[Round "?"]
[White "Batka, Josef"]
[Black "Kudr, Roman"]
[Result "1-0"]
[WhiteElo "2246"]
[BlackElo "2208"]
[PlyCount "109"]
[EventDate "2009.??.??"]
[EventType "corr"]
[SourceDate "2004.06.03"]

1. e4 c6 2. c4 d5 3. exd5 cxd5 4. cxd5 Nf6 5. Qa4+ Nbd7 6. Nc3 g6 7. Nf3 Bg7 8.
Qb3 O-O 9. Bc4 a6 10. a4 Qa5 11. Ra3 Nc5 12. Qd1 Bf5 13. d4 Nce4 14. O-O Rac8
15. Qb3 Rfd8 16. Re1 Nxc3 17. bxc3 Nxd5 18. Bg5 Bf6 19. Bxf6 exf6 20. Bxd5 Qxd5
21. Re8+ Kg7 22. Qxd5 Rxd5 23. Rxc8 Bxc8 24. Nd2 Be6 25. a5 Rb5 26. Kf1 Rh5 27.
h3 Rd5 28. Ke2 h5 29. Nc4 h4 30. Nb6 Rb5 31. c4 Rb2+ 32. Ke3 Rc2 33. d5 Bf5 34.
d6 Kf8 35. Rb3 Ke8 36. Nd5 Kd7 37. Kd4 Kxd6 38. Rb6+ Kd7 39. Rxb7+ Ke8 40. Rb8+
Kd7 41. Nxf6+ Kc7 42. Rb6 Rxf2 43. Nd5+ Kd7 44. Ne3 Rd2+ 45. Kc5 Re2 46. Rd6+
Ke7 47. Nxf5+ gxf5 48. Rxa6 Rxg2 49. Rh6 Ra2 50. Kb6 f4 51. Rxh4 f3 52. Rf4 f2
53. a6 Rb2+ 54. Kc7 Ra2 55. c5 1-0

[Event "19PCR_F"]
[Site "?"]
[Date "2009.??.??"]
[Round "?"]
[White "Batka, Josef"]
[Black "Mudra, Oldrich"]
[Result "1-0"]
[WhiteElo "2246"]
[BlackElo "2132"]
[PlyCount "93"]
[EventDate "2009.??.??"]
[EventType "corr"]
[SourceDate "2004.06.03"]

1. e4 e5 2. Nc3 Nf6 3. Bc4 Bc5 4. d3 d6 5. Nf3 c6 6. O-O O-O 7. Bg5 h6 8. Bh4
Bg4 9. h3 h5 10. hxg4 hxg4 11. Nh2 g3 12. Bxg3 Nbd7 13. a4 g6 14. Nf3 Kg7 15.
Ng5 Qe7 16. Qd2 Rh8 17. Rfe1 Rh5 18. Nh3 Rah8 19. Kf1 Qd8 20. Nd1 d5 21. exd5
cxd5 22. Bb3 Qc8 23. Ne3 Nb8 24. f3 Qd7 25. c3 Nc6 26. Nf2 d4 27. Neg4 Nxg4 28.
Nxg4 Bb6 29. Bc4 a6 30. Ke2 Bc7 31. Kd1 Rc8 32. Re4 Bd6 33. cxd4 exd4 34. Bf4
Bxf4 35. Qxf4 Qf5 36. Nf2 Qxf4 37. Rxf4 f5 38. Rc1 Kf6 39. Bb3 Ke5 40. g3 Rch8
41. Kd2 Kd6 42. Re1 Rh2 43. Re6+ Kc5 44. Ke2 Nb4 45. Bc4 b6 46. Rxg6 R8h5 47.
Rf6 1-0

[Event "19PCR_F"]
[Site "?"]
[Date "2009.??.??"]
[Round "?"]
[White "Batka, Josef"]
[Black "Struzka, Vlastimil"]
[Result "0-1"]
[WhiteElo "2246"]
[BlackElo "2160"]
[PlyCount "100"]
[EventDate "2009.??.??"]
[EventType "corr"]
[SourceDate "2004.06.03"]

1. e4 e5 2. Nc3 Nf6 3. Bc4 Bc5 4. d3 O-O 5. Nf3 d6 6. O-O a6 7. Bg5 Nbd7 8. a3
h6 9. Bh4 c6 10. b4 Ba7 11. Bb3 Re8 12. Re1 Nf8 13. h3 Ng6 14. Bg3 Nh5 15. Kh2
Qf6 16. Ne2 Bd7 17. Qd2 Bb6 18. c3 a5 19. Rf1 Ra7 20. a4 axb4 21. cxb4 Raa8 22.
a5 Ba7 23. Rac1 Rab8 24. Ra1 Rbd8 25. Rae1 Kh7 26. Rc1 Rb8 27. Rce1 Rbc8 28. d4
exd4 29. Nexd4 c5 30. bxc5 Rxc5 31. Bd5 Re7 32. Rb1 Bc8 33. Rfc1 Nhf4 34. Nb5
Bxh3 35. Nh4 Rxd5 36. exd5 Ne2 37. Qd3 Bxf2 38. Bxf2 Qxf2 39. Rf1 Qxh4 40. Qxh3
Qe4 41. Qf3 Qe5+ 42. g3 f5 43. Rbe1 f4 44. Qxe2 fxg3+ 45. Kh3 Qxe2 46. Rxe2
Rxe2 47. Kxg3 Ra2 48. Rf7 Rxa5 49. Rxb7 h5 50. Nxd6 Rxd5 0-1

[Event "19PCR_F"]
[Site "?"]
[Date "2009.??.??"]
[Round "?"]
[White "Bednarik, Radovan"]
[Black "Koukal, Vladimir"]
[Result "1/2-1/2"]
[WhiteElo "2073"]
[BlackElo "2240"]
[PlyCount "152"]
[EventDate "2009.??.??"]
[EventType "corr"]
[SourceDate "2004.06.03"]

1. d4 Nf6 2. c4 e6 3. Nf3 d5 4. e3 Bd6 5. Bd3 dxc4 6. Bxc4 O-O 7. Nc3 Nbd7 8.
O-O e5 9. h3 c6 10. Qc2 exd4 11. Nxd4 Ne5 12. Be2 Ng6 13. Rd1 Qe7 14. a4 a6 15.
a5 Bc7 16. e4 Re8 17. Ra4 Bd7 18. Nf5 Qe5 19. g3 Bxa5 20. Nd6 Bb6 21. Rd3 Rf8
22. Nc4 Qc7 23. Nxb6 Qxb6 24. Be3 c5 25. Ra3 Qc6 26. Qd1 Rfe8 27. h4 Be6 28.
Rd6 Qc7 29. Qd2 Rad8 30. Bxc5 b6 31. Bb4 a5 32. Nb5 Qb8 33. Bc3 Nxe4 34. Qd4
Nxc3 35. Rxc3 Rxd6 36. Qxd6 Rd8 37. Qxb8 Rxb8 38. Nc7 Nf8 39. Rc6 Bd7 40. Rd6
Rc8 41. Nd5 Rc2 42. Bd3 Rxb2 43. Nxb6 Be6 44. h5 Rb4 45. Nd5 Rb7 46. Nb6 Bb3
47. Bb5 h6 48. f4 a4 49. Bxa4 Rxb6 50. Rxb6 Bxa4 51. f5 Nd7 52. Rb4 Bc6 53. Kh2
Nf6 54. g4 Kf8 55. Kg3 Ke7 56. Rd4 Nd5 57. Rd1 Kd6 58. Re1 Nf6 59. Re2 Bd5 60.
Re3 Kc5 61. Re7 Kd4 62. Kf4 Bb3 63. Kg3 Bc4 64. Kf3 Kd3 65. Re3+ Kd2 66. Re7
Bb3 67. Kg3 Kd3 68. Rc7 Bd5 69. Kf4 Ba2 70. Rb7 Bc4 71. g5 hxg5+ 72. Kxg5 Ke3
73. Re7+ Kf3 74. Ra7 Ne4+ 75. Kh4 Ke3 76. Kg4 Kd4 1/2-1/2

[Event "19PCR_F"]
[Site "?"]
[Date "2009.??.??"]
[Round "?"]
[White "Bednarik, Radovan"]
[Black "Kudr, Roman"]
[Result "1/2-1/2"]
[WhiteElo "2073"]
[BlackElo "2208"]
[PlyCount "102"]
[EventDate "2009.??.??"]
[EventType "corr"]
[SourceDate "2004.06.03"]

1. d4 d5 2. c4 c6 3. Nc3 Nf6 4. Nf3 dxc4 5. a4 Bf5 6. e3 e6 7. Bxc4 Bb4 8. O-O
Nbd7 9. Nh4 O-O 10. Nxf5 exf5 11. Qb3 a5 12. Na2 c5 13. Nxb4 cxb4 14. f3 Rc8
15. Bb5 Qe7 16. Bd2 g6 17. Rad1 Nb6 18. Qd3 Rfd8 19. Rc1 Kg7 20. g3 Qe6 21. b3
Rxc1 22. Rxc1 Nc8 23. Bc4 Qe7 24. Qb1 Nd6 25. Bd3 Qe6 26. Bf1 Nd5 27. Qb2 b6
28. Bg2 b5 29. axb5 Nxb5 30. Re1 f6 31. Bf1 Nbc3 32. Bc4 Qc6 33. e4 fxe4 34.
fxe4 Nb6 35. Bxc3 Nxc4 36. bxc4 Qxc4 37. Bd2 Qxd4+ 38. Qxd4 Rxd4 39. Be3 Rc4
40. Rc1 Rxe4 41. Rc7+ Kg8 42. Kf2 a4 43. Ke2 b3 44. Rb7 Rc4 45. Bd2 Rc2 46. Kd3
Ra2 47. g4 b2 48. Bc3 a3 49. Bxf6 Ra1 50. Bxb2 axb2 51. Rxb2 Ra7 1/2-1/2

[Event "19PCR_F"]
[Site "?"]
[Date "2009.??.??"]
[Round "?"]
[White "Bednarik, Radovan"]
[Black "Mudra, Oldrich"]
[Result "1/2-1/2"]
[WhiteElo "2073"]
[BlackElo "2132"]
[PlyCount "126"]
[EventDate "2009.??.??"]
[EventType "corr"]
[SourceDate "2004.06.03"]

1. d4 Nf6 2. c4 e6 3. Nf3 d5 4. e3 c6 5. Nc3 Nbd7 6. Bd3 dxc4 7. Bxc4 b5 8. Bd3
Bb7 9. O-O b4 10. Na4 c5 11. dxc5 Bxc5 12. Nxc5 Nxc5 13. Bb5+ Nfd7 14. a3 b3
15. Bd2 O-O 16. Rc1 Rb8 17. Nd4 e5 18. Nc6 Bxc6 19. Bxc6 Rc8 20. Bb5 Qb6 21.
Bxd7 Nxd7 22. Bb4 Rxc1 23. Qxc1 Re8 24. Rd1 Nf6 25. Qc4 h6 26. h3 Qe6 27. Qxe6
Rxe6 28. Rd3 e4 29. Rxb3 Rb6 30. Rc3 Nd5 31. Bc5 Rxb2 32. Rc4 Rb1+ 33. Kh2 Rb2
34. Kg3 f5 35. Bxa7 Ra2 36. Ra4 Nc3 37. Ra5 g6 38. Bc5 Ne2+ 39. Kh2 Nc1 40. Ra6
Kf7 41. Bd4 Nb3 42. Rf6+ Ke7 43. Be5 Rxf2 44. Rxg6 Re2 45. Bf4 Nd2 46. Kg1 Nc4
47. Kf1 Ra2 48. Rc6 Nd2+ 49. Ke1 h5 50. Rh6 Nc4 51. Rxh5 Ke6 52. Rh6+ Kf7 53.
h4 Rxa3 54. Rh5 Ke6 55. Rh6+ Kf7 56. Kf2 Ra2+ 57. Kg3 Ra3 58. Rc6 Nxe3 59. Bxe3
Rxe3+ 60. Kf4 Re2 61. Kxf5 Rf2+ 62. Kxe4 Rxg2 63. Kf3 Ra2 1/2-1/2

[Event "19PCR_F"]
[Site "?"]
[Date "2009.??.??"]
[Round "?"]
[White "Bednarik, Radovan"]
[Black "Schwarz, Jan"]
[Result "1/2-1/2"]
[WhiteElo "2073"]
[BlackElo "2251"]
[PlyCount "76"]
[EventDate "2009.??.??"]
[EventType "corr"]
[SourceDate "2004.06.03"]

1. d4 Nf6 2. c4 e6 3. Nf3 b6 4. g3 Ba6 5. b3 Bb7 6. Bg2 Bb4+ 7. Bd2 a5 8. O-O
O-O 9. Nc3 d6 10. a3 Bxc3 11. Bxc3 Nbd7 12. Qc2 Be4 13. Qd2 Qb8 14. Bh3 a4 15.
b4 b5 16. d5 e5 17. Ng5 Nb6 18. Nxe4 Nxe4 19. Qc2 Nxc3 20. Qxc3 bxc4 21. Rfd1
f5 22. e3 f4 23. exf4 exf4 24. Bf1 Qe8 25. Bxc4 Qh5 26. Bb5 fxg3 27. fxg3 Rf5
28. Rd4 Qf3 29. Qd2 Raf8 30. Bd3 Qf2+ 31. Qxf2 Rxf2 32. Rc1 R8f7 33. g4 R2f3
34. Bf5 Kh8 35. Be6 Rf8 36. Rxc7 Rf1+ 37. Kg2 R1f2+ 38. Kg1 Rf1+ 1/2-1/2

[Event "19PCR_F"]
[Site "?"]
[Date "2009.??.??"]
[Round "?"]
[White "Bednarik, Radovan"]
[Black "Struzka, Vlastimil"]
[Result "1/2-1/2"]
[WhiteElo "2073"]
[BlackElo "2160"]
[PlyCount "122"]
[EventDate "2009.??.??"]
[EventType "corr"]
[SourceDate "2004.06.03"]

1. d4 d5 2. c4 dxc4 3. e4 Nc6 4. Nf3 Nf6 5. e5 Nd5 6. Bxc4 Bf5 7. O-O e6 8. Nc3
Nb6 9. Bb3 Be7 10. d5 exd5 11. Nxd5 O-O 12. Nxe7+ Qxe7 13. Bg5 Qd7 14. Qc1 Be4
15. Re1 Bxf3 16. e6 Qd3 17. exf7+ Kh8 18. gxf3 Nd4 19. Qe3 Qxe3 20. Bxe3 Nxb3
21. axb3 Rxf7 22. Bxb6 cxb6 23. Rxa7 Raf8 24. Re3 h6 25. Kg2 Rd7 26. Ra4 Rf6
27. Re8+ Kh7 28. Rg4 Rdf7 29. Re3 Rd7 30. h4 Kg8 31. Re8+ Kf7 32. Rb8 Rf5 33.
Rb4 b5 34. Re4 Kg6 35. Kg3 Rf6 36. Rbe8 Kh7 37. f4 Rd3+ 38. Re3 Rd4 39. R8e4
Rd1 40. h5 Rg1+ 41. Kf3 Rh1 42. Kg4 Rf1 43. Rf3 Rf7 44. Re5 Rb1 45. Rxb5 Rxb2
46. Kg3 Rd2 47. Rc3 Rd4 48. Rc4 Rxc4 49. bxc4 Rc7 50. c5 Kg8 51. Kf3 Re7 52.
Kg4 Kf7 53. f5 Kf6 54. Rb6+ Kf7 55. Kf4 Rc7 56. Rb5 Kf6 57. f3 Re7 58. Rb6+ Kf7
59. Kg4 Rc7 60. Rb5 Kf6 61. Rb6+ Kf7 1/2-1/2

[Event "19PCR_F"]
[Site "?"]
[Date "2009.??.??"]
[Round "?"]
[White "Bednarik, Radovan"]
[Black "Valak, Alois"]
[Result "0-1"]
[WhiteElo "2073"]
[BlackElo "2326"]
[PlyCount "88"]
[EventDate "2009.??.??"]
[EventType "corr"]
[SourceDate "2004.06.03"]

1. d4 Nf6 2. c4 e6 3. Nf3 Bb4+ 4. Bd2 Qe7 5. Nc3 b6 6. g3 O-O 7. Bg2 Bb7 8. O-O
d6 9. Qc2 Nbd7 10. Rfe1 Bxc3 11. bxc3 Be4 12. Qb3 h6 13. a4 Nb8 14. Nh4 Bxg2
15. Nxg2 Nc6 16. Ne3 Na5 17. Qc2 Nh5 18. Qd3 f5 19. Rab1 Qf7 20. f4 Nf6 21. Bc1
Ne4 22. Ba3 c5 23. Rf1 h5 24. Rb5 Rab8 25. Rbb1 Qg6 26. d5 exd5 27. Nxd5 Rf7
28. Kg2 h4 29. Rf3 Qh5 30. Rg1 Nxc4 31. Bc1 Na5 32. gxh4 c4 33. Qd4 Rc8 34. Be3
Qxh4 35. Nb4 Qe7 36. Bf2 Nb3 37. Qd5 Qe8 38. Rh3 Nbc5 39. Bd4 Ne6 40. Rf1 Nxd4
41. Qxd4 Qxa4 42. Nd5 Re8 43. Rg1 Qc6 44. Rd1 b5 0-1

[Event "19PCR_F"]
[Site "?"]
[Date "2009.??.??"]
[Round "?"]
[White "Cvak, Rudolf"]
[Black "Bednarik, Radovan"]
[Result "0-1"]
[WhiteElo "2317"]
[BlackElo "2073"]
[PlyCount "104"]
[EventDate "2009.??.??"]
[EventType "corr"]
[SourceDate "2004.06.03"]

1. e4 e5 2. Nf3 Nc6 3. Bb5 a6 4. Ba4 Nf6 5. d4 exd4 6. O-O Be7 7. e5 Ne4 8.
Nxd4 O-O 9. Nf5 d5 10. Bxc6 bxc6 11. Nxe7+ Qxe7 12. Re1 Re8 13. f3 Nd6 14. b3
f6 15. Bb2 Nf7 16. f4 fxe5 17. fxe5 Bf5 18. Nd2 Ng5 19. Rc1 Rf8 20. Qe2 Ne6 21.
Rf1 a5 22. Nf3 Be4 23. Qe3 c5 24. Rf2 a4 25. Rcf1 axb3 26. axb3 Ra2 27. Qc1
Rfa8 28. Nd2 Bg6 29. Nb1 d4 30. Nd2 Qg5 31. Nc4 Qxc1 32. Rxc1 Be4 33. c3 Bd5
34. cxd4 cxd4 35. Rd1 c5 36. Rc1 R2a6 37. b4 cxb4 38. Nd6 g6 39. Nb5 d3 40. Rd2
Nf4 41. Nc7 Ne2+ 42. Rxe2 dxe2 43. Nxa8 Rxa8 44. Kf2 b3 45. Ra1 Rc8 46. Rc1 Bc4
47. e6 Rf8+ 48. Ke1 Rf1+ 49. Kd2 Kf8 50. Ba3+ Ke8 51. Re1 Rf2 52. Kc3 Bxe6 0-1

[Event "19PCR_F"]
[Site "?"]
[Date "2009.??.??"]
[Round "?"]
[White "Cvak, Rudolf"]
[Black "Koukal, Vladimir"]
[Result "1/2-1/2"]
[WhiteElo "2317"]
[BlackElo "2240"]
[PlyCount "55"]
[EventDate "2009.??.??"]
[EventType "corr"]
[SourceDate "2004.06.03"]

1. e4 e5 2. Nf3 Nf6 3. Nxe5 Qe7 4. Nf3 Qxe4+ 5. Be2 Qb4 6. O-O Be7 7. d4 d5 8.
Nc3 c6 9. a3 Qa5 10. Bf4 O-O 11. Re1 Re8 12. h3 Bf5 13. g4 Bc8 14. Bd3 Qd8 15.
Qe2 Nbd7 16. g5 Bxa3 17. Bxh7+ Kxh7 18. Qd3+ g6 19. bxa3 Nh5 20. Rxe8 Qxe8 21.
Re1 Nxf4 22. Rxe8 Nxd3 23. cxd3 b5 24. Kg2 a5 25. Re2 Kg7 26. Rb2 Rb8 27. Kg3
Ba6 28. Ra2 1/2-1/2

[Event "19PCR_F"]
[Site "?"]
[Date "2009.??.??"]
[Round "?"]
[White "Cvak, Rudolf"]
[Black "Kudr, Roman"]
[Result "1/2-1/2"]
[WhiteElo "2317"]
[BlackElo "2208"]
[PlyCount "134"]
[EventDate "2009.??.??"]
[EventType "corr"]
[SourceDate "2004.06.03"]

1. e4 e5 2. Nf3 Nc6 3. Bb5 a6 4. Ba4 Nf6 5. O-O Be7 6. Re1 b5 7. Bb3 O-O 8. c3
d6 9. h3 Nb8 10. d4 Nbd7 11. Nbd2 Bb7 12. Bc2 Re8 13. Nf1 Bf8 14. Ng3 g6 15. b3
Bg7 16. d5 Qe7 17. c4 c6 18. Be3 Rac8 19. Qd2 Rc7 20. Rec1 Rb8 21. a4 bxc4 22.
bxc4 cxd5 23. cxd5 Nc5 24. Rab1 Rbc8 25. Rb4 Nfd7 26. a5 Ba8 27. h4 h5 28. Bd1
Qd8 29. Rcb1 Rb7 30. Rxb7 Nxb7 31. Be2 Nbc5 32. Ng5 Rb8 33. Rxb8 Qxb8 34. Qc2
Bb7 35. Qd1 Qc7 36. Nxh5 gxh5 37. Bxh5 Nf6 38. Bxf7+ Kh8 39. Bg6 Kg8 40. Qb1
Bc8 41. Qb6 Qxb6 42. axb6 Nfd7 43. Nf7 Nb7 44. Kf1 a5 45. Ke1 Nf8 46. Bh5 Nd7
47. Kd2 Bf6 48. g3 Kg7 49. Kc2 Be7 50. Ng5 Bxg5 51. hxg5 Nbc5 52. f4 Nxe4 53.
Be8 Nec5 54. Bxd7 Nxd7 55. Kb3 Bb7 56. Ka4 Bxd5 57. Kxa5 Bb7 58. Kb4 Kg6 59.
Kb5 exf4 60. gxf4 Nf8 61. Bc5 dxc5 62. Kxc5 Ne6+ 63. Kd6 Nxf4 64. Kc7 Ba6 65.
b7 Nd5+ 66. Kc6 Bxb7+ 67. Kxb7 Kxg5 1/2-1/2

[Event "19PCR_F"]
[Site "?"]
[Date "2009.??.??"]
[Round "?"]
[White "Cvak, Rudolf"]
[Black "Mudra, Oldrich"]
[Result "1/2-1/2"]
[WhiteElo "2317"]
[BlackElo "2132"]
[PlyCount "73"]
[EventDate "2009.??.??"]
[EventType "corr"]
[SourceDate "2004.06.03"]

1. e4 g6 2. d4 Bg7 3. Nc3 c6 4. Bc4 d6 5. Qf3 e6 6. Bf4 Nd7 7. Nge2 Ngf6 8.
O-O-O Qe7 9. Bb3 e5 10. Bg5 O-O 11. Kb1 a5 12. a4 h6 13. Be3 exd4 14. Bxd4 Nc5
15. Bxc5 dxc5 16. h3 b5 17. axb5 a4 18. Ba2 a3 19. e5 Nd5 20. Bxd5 cxd5 21.
Qxd5 Be6 22. Qd6 Qa7 23. b3 Rfc8 24. Ka2 Qa5 25. Rc1 Bf8 26. Qd2 c4 27. Rhd1
Rd8 28. Qf4 Qb4 29. Ka1 Bg7 30. Rb1 Rxd1 31. Rxd1 Qa5 32. b4 Qxb4 33. Rb1 Qc5
34. Qe3 Qxe5 35. Qxe5 Bxe5 36. b6 Bd7 37. f4 1/2-1/2

[Event "19PCR_F"]
[Site "?"]
[Date "2009.??.??"]
[Round "?"]
[White "Cvak, Rudolf"]
[Black "Schwarz, Jan"]
[Result "1/2-1/2"]
[WhiteElo "2317"]
[BlackElo "2251"]
[PlyCount "63"]
[EventDate "2009.??.??"]
[EventType "corr"]
[SourceDate "2004.06.03"]

1. e4 e5 2. Nf3 Nc6 3. Bb5 a6 4. Ba4 Nf6 5. O-O Be7 6. Re1 b5 7. Bb3 O-O 8. c3
d5 9. exd5 Nxd5 10. Nxe5 Nxe5 11. Rxe5 c6 12. d4 Bd6 13. Re1 Qh4 14. g3 Qh3 15.
Be3 Bg4 16. Qd3 Rae8 17. Nd2 Re6 18. a4 Qh5 19. axb5 axb5 20. Ne4 Bf5 21. Bd2
Rxe4 22. Rxe4 Nf6 23. f3 Qg6 24. Qf1 Nxe4 25. fxe4 Bxe4 26. Bf4 Bd3 27. Qf3
Bxf4 28. Qxf4 h6 29. Re1 Bc2 30. Bxc2 Qxc2 31. Qf2 Qb3 32. Re7 1/2-1/2

[Event "19PCR_F"]
[Site "?"]
[Date "2009.??.??"]
[Round "?"]
[White "Cvak, Rudolf"]
[Black "Struzka, Vlastimil"]
[Result "0-1"]
[WhiteElo "2317"]
[BlackElo "2160"]
[PlyCount "131"]
[EventDate "2009.??.??"]
[EventType "corr"]
[SourceDate "2004.06.03"]

1. e4 e5 2. Nf3 Nc6 3. Bb5 a6 4. Ba4 b5 5. Bb3 Bb7 6. d4 d6 7. Ng5 Nh6 8. Bd5
Be7 9. Qh5 O-O 10. dxe5 Qc8 11. exd6 Bxd6 12. O-O Qg4 13. Qh3 Rab8 14. Nf3 Qxh3
15. gxh3 Ne5 16. Nxe5 Bxd5 17. Nd7 Bxe4 18. Bxh6 Rbd8 19. Bxg7 Kxg7 20. Nxf8
Kxf8 21. Nc3 Bxc2 22. Rac1 Bd3 23. Rfd1 Be7 24. Re1 c5 25. Re5 c4 26. Rd5 Rb8
27. Re1 Rb6 28. Ne4 Rg6+ 29. Ng3 f5 30. Kh1 Kf7 31. f3 Re6 32. Rg1 Bf6 33. Nh5
Re3 34. Nf4 Be2 35. Nxe2 Rxe2 36. Rd7+ Ke6 37. Rxh7 Bxb2 38. Rg6+ Kd5 39. Rd7+
Kc5 40. Rc7+ Kd4 41. Rd7+ Kc3 42. Rxa6 Rd2 43. Rad6 Rxd6 44. Rxd6 Ba3 45. Rd5
b4 46. h4 Kb2 47. Rxf5 c3 48. Rf7 Kxa2 49. Rc7 Kb1 50. h5 c2 51. h6 c1=Q+ 52.
Rxc1+ Kxc1 53. f4 Bb2 54. Kg2 Bh8 55. f5 b3 56. Kg3 b2 57. h4 b1=Q 58. Kf4 Qb6
59. h7 Qh6+ 60. Kg4 Bf6 61. Kf3 Qxh4 62. Ke3 Qxh7 63. Ke4 Qd7 64. Kf4 Qe7 65.
Kg3 Qe4 66. Kf2 0-1

[Event "19PCR_F"]
[Site "?"]
[Date "2009.??.??"]
[Round "?"]
[White "Glaser, Karel"]
[Black "Batka, Josef"]
[Result "1/2-1/2"]
[WhiteElo "2202"]
[BlackElo "2246"]
[PlyCount "81"]
[EventDate "2009.??.??"]
[EventType "corr"]
[SourceDate "2004.06.03"]

1. e4 c5 2. Nf3 Nc6 3. d4 cxd4 4. Nxd4 Nf6 5. Nc3 e5 6. Ndb5 d6 7. Bg5 a6 8.
Na3 b5 9. Bxf6 gxf6 10. Nd5 f5 11. Bd3 Be6 12. O-O Bxd5 13. exd5 Ne7 14. Nxb5
Bg7 15. Nc3 e4 16. Bc4 Ng6 17. Qh5 Bxc3 18. bxc3 Qf6 19. Qh6 Qxc3 20. Bb3 a5
21. Ba4+ Ke7 22. Rab1 Rhb8 23. Bb5 Ra7 24. Qg5+ Qf6 25. Qe3 Rab7 26. a4 Nh4 27.
f3 Qg6 28. Rf2 Rg8 29. g3 f4 30. Qxf4 Nxf3+ 31. Rxf3 exf3 32. Re1+ Kf8 33. Re6
Qh5 34. Qxd6+ Kg7 35. Qe5+ Qxe5 36. Rxe5 Kf6 37. Re3 Re7 38. Rxf3+ Ke5 39. c4
Rc7 40. Kf2 Rg4 41. Re3+ 1/2-1/2

[Event "19PCR_F"]
[Site "?"]
[Date "2009.??.??"]
[Round "?"]
[White "Glaser, Karel"]
[Black "Bednarik, Radovan"]
[Result "1/2-1/2"]
[WhiteElo "2202"]
[BlackElo "2073"]
[PlyCount "83"]
[EventDate "2009.??.??"]
[EventType "corr"]
[SourceDate "2004.06.03"]

1. e4 e5 2. Nf3 Nc6 3. Bb5 a6 4. Ba4 Nf6 5. O-O Be7 6. Re1 b5 7. Bb3 d6 8. c3
O-O 9. h3 Bb7 10. d4 h6 11. a4 Qd7 12. Qe2 exd4 13. cxd4 Na5 14. Bc2 Rfe8 15.
axb5 axb5 16. Bd3 b4 17. Bf4 c5 18. dxc5 dxc5 19. Nbd2 Qe6 20. Bc7 c4 21. Bb1
c3 22. bxc3 bxc3 23. Rxa5 cxd2 24. Qxd2 Nxe4 25. Bxe4 Bxe4 26. Re5 Qc6 27.
R5xe4 Qxc7 28. Qe3 Ra3 29. Qe2 Ra7 30. Nh4 g6 31. Nxg6 fxg6 32. Re6 Rc8 33.
Rxe7 Qxe7 34. Qxe7 Rxe7 35. Rxe7 g5 36. Rd7 Rf8 37. g3 Rf5 38. Kg2 Rf6 39. Rc7
Kf8 40. Ra7 Rc6 41. Rh7 Kg8 42. Rd7 1/2-1/2

[Event "19PCR_F"]
[Site "?"]
[Date "2009.??.??"]
[Round "?"]
[White "Glaser, Karel"]
[Black "Cvak, Rudolf"]
[Result "1/2-1/2"]
[WhiteElo "2202"]
[BlackElo "2317"]
[PlyCount "97"]
[EventDate "2009.??.??"]
[EventType "corr"]
[SourceDate "2004.06.03"]

1. e4 c5 2. Nf3 d6 3. d4 cxd4 4. Nxd4 Nf6 5. Nc3 g6 6. Be3 Bg7 7. f3 Nc6 8. Qd2
O-O 9. O-O-O d5 10. exd5 Nxd5 11. Nxc6 bxc6 12. Nxd5 cxd5 13. Qxd5 Qc7 14. Qc5
Qb7 15. c3 Bf5 16. Qb5 Qc7 17. Qc4 Qb8 18. Bf4 Qb6 19. Qb5 e5 20. Qxb6 axb6 21.
Be3 Rxa2 22. Bc4 Ra4 23. Bd5 b5 24. g4 Bd3 25. Kd2 e4 26. Bb3 Raa8 27. fxe4
Bxe4 28. Rhf1 b4 29. cxb4 Bxb2 30. Bc5 Rad8+ 31. Ke2 Rxd1 32. Rxd1 Re8 33. Kf2
Bc6 34. Rd6 Rc8 35. h3 Be5 36. Re6 Ba4 37. Rxe5 Bxb3 38. Bd4 Kf8 39. b5 f6 40.
Re4 Rc2+ 41. Ke3 Bd5 42. Rf4 Rh2 43. Rxf6+ Ke7 44. Kf4 Rf2+ 45. Kg5 Rxf6 46.
Bxf6+ Kd6 47. Bd4 Bg2 48. h4 Bf3 49. Kh6 1/2-1/2

[Event "19PCR_F"]
[Site "?"]
[Date "2009.??.??"]
[Round "?"]
[White "Glaser, Karel"]
[Black "Mudra, Oldrich"]
[Result "1/2-1/2"]
[WhiteElo "2202"]
[BlackElo "2132"]
[PlyCount "91"]
[EventDate "2009.??.??"]
[EventType "corr"]
[SourceDate "2004.06.03"]

1. e4 c6 2. d4 d5 3. Nc3 dxe4 4. Nxe4 Nd7 5. Nf3 Ngf6 6. Nc3 Nb6 7. Bf4 Bf5 8.
Bd3 Bxd3 9. Qxd3 e6 10. O-O Bb4 11. h3 O-O 12. Be5 Nbd7 13. Bg3 Re8 14. a3 Bxc3
15. bxc3 c5 16. Rab1 Qc8 17. Nd2 Qc6 18. Nc4 b6 19. Rfe1 cxd4 20. cxd4 Rec8 21.
Nd6 Qxc2 22. Qf3 Rf8 23. Rbc1 Qa4 24. Rc4 Qa5 25. Rec1 Nd5 26. Qd3 b5 27. Rc6
a6 28. Nb7 Qa4 29. Rd6 b4 30. axb4 Nxb4 31. Qb1 Nf6 32. Be5 Nfd5 33. Qe4 Qa3
34. Rd1 Ne7 35. Nc5 Ng6 36. Rd7 Nxe5 37. dxe5 Qa5 38. Nb3 Qa4 39. Nc5 Qb5 40.
Nxe6 fxe6 41. Rb7 Rf4 42. Rxg7+ Kxg7 43. Qxf4 Nd5 44. Qg4+ Kf7 45. Qh5+ Kg8 46.
Qg4+ 1/2-1/2

[Event "19PCR_F"]
[Site "?"]
[Date "2009.??.??"]
[Round "?"]
[White "Glaser, Karel"]
[Black "Portych, Vaclav"]
[Result "1/2-1/2"]
[WhiteElo "2202"]
[BlackElo "2219"]
[PlyCount "41"]
[EventDate "2009.??.??"]
[EventType "corr"]
[SourceDate "2004.06.03"]

1. e4 c5 2. Nf3 Nc6 3. d4 cxd4 4. Nxd4 Nf6 5. Nc3 e5 6. Ndb5 d6 7. Bg5 a6 8.
Na3 b5 9. Bxf6 gxf6 10. Nd5 Bg7 11. c3 f5 12. exf5 Bxf5 13. Nc2 O-O 14. Be2 Be6
15. O-O Nd4 16. Nce3 Nxe2+ 17. Qxe2 f5 18. f4 Rb8 19. Rf3 Qd7 20. Rg3 Qf7 21.
Rd1 1/2-1/2